01353nam a2200241 a 4500001001000000005001700010008004100027041000800068044000700076084002100083100004500104245012400149260003000273300002200303500020100325500033800526500001000864650005200874650005600926650003400982650004501016740005001061BRCA_248420190320203830.0211108s1841----sp-a---###---#000-0#spa-u aspa asp a124b.M396c18411 aCervantes Saavedra, Miguel ded1547-161610aVida y Hechos del Ingenioso Hidalgo Don Quijote de la Manchacobra original española de Miguel de Cervantes Saavedra. aBarcelonabJ. Mayolc1841 a3 v.bil.c15 cm. aContenido : v 1. Primera parte. Retratode Cervantes. Prólogo del autor. Versos preliminares. Texto. -- v 2. Texto. Segunda parte. Dedicatoria del autor. Prólogo del autor. Texto. -- v 3. Texto aTomó por modelo la edición barcelonesa de 1808, publicada por Sierra y Martí, de la cual se copiaron las láminas que fueron grabadas de nuevo con pulcritud por Alabern. La impresión bastante buena, hecha en papel delgado. Semipiel; lomos y planos decorados con adornos drados. Al tomo I le falta la portada Lúdovik Osterc aQM10414aNovela españolayÉpoca clásica, 1500-170014aLiteratura españolayÉpoca clásica, 1500-170014aNovela españolaySiglo XVII14aDon Quijote (Personaje ficticio)eNovela0 aEl Ingenioso Hidalgo Don Quijote de la Mancha